000 00873nam a2200241Ia 4500
999 _c49697
_d49697
001 16631
003 GE_BSU
005 20200131151158.0
008 181216s2007||||en |||||||||||||| ||eng||
020 _a9781887943727
040 _cGE_BSU
080 _a159.925 E-50
245 _aEmotional Intelligence :
_bKey Readings on the Mayer and Salovey Model /
_cEdited by: Peter Salovey ; Marc A. Brackett ; John D. Mayer.
260 _aNew York
264 _aNew York :
_bNational Professional Resources, Inc. / Dude Publishing,
_c2007.
300 _a329 p .:
_c27 cm.
653 _aEmotional Intelligence
653 _aფსიქოლოგია
700 _aSalovey, Peter
_eრედაქტორი
_96646
700 _a Brackett, Marc A
_eრედაქტორი
_96647
700 _aMayer, John D
_eრედაქტორი
_96648
942 _cBK
_2udc